MALAYSIAN TAXATION : Principles and Practice

Bibliographic Details
Main Author: Choong Kwai Fatt (Author)
Format: Book
Language:English
Published: Kuala Lumpur : Infoworld 2018
Edition:Twenty Fourth Edition
Subjects:

MARC

LEADER 00000cam a2200000 7i4500
001 0000028497
005 20241122.0
008 190515 my a eng
020 |a 9789839526905 
040 |a INS   |b eng   |e rda 
090 0 0 |a HJ2950.6   |b C56 2018 
100 0 |a Choong Kwai Fatt ,   |e author 
245 1 0 |a MALAYSIAN TAXATION :   |b Principles and Practice   |c CHOONG KWAI FATT 
250 |a Twenty Fourth Edition 
264 1 |a Kuala Lumpur :   |b Infoworld   |c 2018 
300 |a xxvi, 635 pages :   |b illustrations ;   |c 26 cm. 
336 |a text  |2 rdacontent 
337 |a unmediated  |2 rdamedia 
338 |a volume  |2 rdacarrier 
500 |a Includes index 
650 0 |a Taxation   |z Malaysia 
999 |a 1000003712   |b BOOK   |c Open Shelf   |e Default branch